Guia per a una comunicació no sexista / pròleg: Marc Castells Bersoza pròleg: Marc Castells Bersoza
Descripción Física:
29 pàgines ; 21 cm
Colección:
Treballar a la Diputació
Otros Autores:
Castells, Marc (Castells i Berzosa)
Idioma:
Catalán
MARC
| LEADER | 00000nam a22000007a 4500 | ||
|---|---|---|---|
| 001 | 25945 | ||
| 008 | 220615b spa||||| |||| 00| 0 cat d | ||
| 017 | |a DL B 10979-2019 | ||
| 080 | |a FU-70-65 | ||
| 245 | |a Guia per a una comunicació no sexista / |b pròleg: Marc Castells Bersoza | ||
| 260 | |a Barcelona : |b Diputació de Barcelona. Àrea de Presidència, |c 2019 | ||
| 300 | |a 29 pàgines ; |c 21 cm | ||
| 490 | |a Treballar a la Diputació | ||
| 650 | 0 | |9 13857 |a Llenguatge no sexista | |
| 655 | 0 | |9 52956 |a Manuals, vademècums, etc. | |
| 700 | |9 53462 |a Castells, Marc |q (Castells i Berzosa) |e escriptor d'un pròleg | ||
| 710 | |a Barcelona (Catalunya : Província). |b Àrea de Presidència |9 52558 | ||
| 942 | |2 udc |c ARXIU |n 1 | ||
| 952 | |0 0 |1 0 |4 0 |6 FU7065 |7 1 |9 62410 |a Arxiu |b Arxiu |d 2022-06-15 |l 0 |o FU-70-65 |p 25945 |r 2022-06-15 00:00:00 |w 2022-06-15 |y ARXIU | ||
| 999 | |c 82055 |d 82055 | ||